<?xml version="1.0" encoding="UTF-8"?>
<record
    xmlns:xsi="http://www.w3.org/2001/XMLSchema-instance"
    xsi:schemaLocation="http://www.loc.gov/MARC21/slim http://www.loc.gov/standards/marcxml/schema/MARC21slim.xsd"
    xmlns="http://www.loc.gov/MARC21/slim">

  <leader>02981nas a22002657a 4500</leader>
  <datafield tag="999" ind1=" " ind2=" ">
    <subfield code="c">40811</subfield>
    <subfield code="d">40811</subfield>
  </datafield>
  <controlfield tag="005">20200515103318.0</controlfield>
  <controlfield tag="007">cz aa aaaaa</controlfield>
  <controlfield tag="008">200428c           b||poo|||| 00| 0 eng d</controlfield>
  <datafield tag="022" ind1=" " ind2=" ">
    <subfield code="a"> 2455-2232 </subfield>
  </datafield>
  <datafield tag="040" ind1=" " ind2=" ">
    <subfield code="c">oclc</subfield>
  </datafield>
  <datafield tag="082" ind1=" " ind2=" ">
    <subfield code="a">491</subfield>
    <subfield code="b">JOU/H</subfield>
  </datafield>
  <datafield tag="210" ind1=" " ind2=" ">
    <subfield code="a">Int. J. Hindi Res.</subfield>
  </datafield>
  <datafield tag="245" ind1=" " ind2=" ">
    <subfield code="a">International Journal of Hindi Research</subfield>
    <subfield code="h">e-Journal (Open Access)</subfield>
  </datafield>
  <datafield tag="260" ind1=" " ind2=" ">
    <subfield code="b">Gupta Publications</subfield>
    <subfield code="a">Delhi, India </subfield>
  </datafield>
  <datafield tag="300" ind1=" " ind2=" ">
    <subfield code="a">PDF(online)</subfield>
  </datafield>
  <datafield tag="310" ind1=" " ind2=" ">
    <subfield code="a">Bi-Monthly</subfield>
  </datafield>
  <datafield tag="365" ind1=" " ind2=" ">
    <subfield code="e">Open Access</subfield>
  </datafield>
  <datafield tag="500" ind1=" " ind2=" ">
    <subfield code="a">International Journal of Hindi Research is a Peer Reviewed Journal. Prime focus of the journal is to publish articles related to the Hindi studies. This journal provides platform with the aim of motivating students and personnel in Hindi Research.

International Journal of Hindi Research considers review and research articles related to: Hindi Literature, Ancient Indian Sciences (In Hindi), Computation Linguistics, Culture, Epics, Grammar, History, Indian Aesthetics and Politics, Puranas, Religion, Sahitya, Veda, Vedic Studies, Buddhist Literature, Indian and Western Logical Systems, Indian Discourse Analysis, Indian Philosophy, Indian Socio-Political Thought, Indological Studies, Jain Literature, Hindu Astrology (Jyoti&#x1E25;&#x15B;&#x101;stra).

</subfield>
  </datafield>
  <datafield tag="546" ind1=" " ind2=" ">
    <subfield code="a">&#x907;&#x902;&#x91F;&#x930;&#x928;&#x947;&#x936;&#x928;&#x932; &#x91C;&#x930;&#x94D;&#x928;&#x932; &#x911;&#x92B;&#x93C; &#x939;&#x93F;&#x928;&#x94D;&#x926;&#x940; &#x930;&#x93F;&#x938;&#x930;&#x94D;&#x91A; &#x92A;&#x924;&#x94D;&#x930;&#x93F;&#x915;&#x93E; &#x915;&#x93E; &#x92A;&#x94D;&#x930;&#x93E;&#x907;&#x92E; &#x92B;&#x94B;&#x915;&#x938; &#x939;&#x93F;&#x902;&#x926;&#x940; &#x915;&#x940; &#x92A;&#x922;&#x93C;&#x93E;&#x908; &#x938;&#x947; &#x938;&#x902;&#x92C;&#x902;&#x927;&#x93F;&#x924; &#x932;&#x947;&#x916; &#x92A;&#x94D;&#x930;&#x915;&#x93E;&#x936;&#x93F;&#x924; &#x915;&#x930;&#x928;&#x947; &#x915;&#x947; &#x932;&#x93F;&#x90F; &#x939;&#x948;&#x964; &#x92F;&#x939; &#x92A;&#x924;&#x94D;&#x930;&#x93F;&#x915;&#x93E; &#x939;&#x93F;&#x928;&#x94D;&#x926;&#x940; &#x905;&#x928;&#x941;&#x938;&#x902;&#x927;&#x93E;&#x928; &#x92E;&#x947;&#x902; &#x91B;&#x93E;&#x924;&#x94D;&#x930;&#x94B;&#x902; &#x914;&#x930; &#x915;&#x930;&#x94D;&#x92E;&#x93F;&#x92F;&#x94B;&#x902; &#x915;&#x94B; &#x92A;&#x94D;&#x930;&#x947;&#x930;&#x93F;&#x924; &#x915;&#x930;&#x928;&#x947; &#x915;&#x947; &#x909;&#x926;&#x94D;&#x926;&#x947;&#x936;&#x94D;&#x92F; &#x915;&#x947; &#x938;&#x93E;&#x925; &#x92E;&#x902;&#x91A; &#x92A;&#x94D;&#x930;&#x926;&#x93E;&#x928; &#x915;&#x930;&#x924;&#x93E; &#x939;&#x948;&#x964;

&#x939;&#x93F;&#x928;&#x94D;&#x926;&#x940; &#x938;&#x93E;&#x939;&#x93F;&#x924;&#x94D;&#x92F;&#x90F; &#x92A;&#x94D;&#x930;&#x93E;&#x91A;&#x940;&#x928; &#x92D;&#x93E;&#x930;&#x924;&#x940;&#x92F; &#x935;&#x93F;&#x91C;&#x94D;&#x91E;&#x93E;&#x928; (&#x939;&#x93F;&#x928;&#x94D;&#x926;&#x940; &#x92E;&#x947;&#x902;), &#x938;&#x902;&#x917;&#x923;&#x928;&#x93E; &#x92D;&#x93E;&#x937;&#x93E; &#x935;&#x93F;&#x91C;&#x94D;&#x91E;&#x93E;&#x928;, &#x938;&#x902;&#x938;&#x94D;&#x915;&#x943;&#x924;&#x93F;, &#x92E;&#x939;&#x93E;&#x915;&#x93E;&#x935;&#x94D;&#x92F;, &#x935;&#x94D;&#x92F;&#x93E;&#x915;&#x930;&#x923;, &#x907;&#x924;&#x93F;&#x939;&#x93E;&#x938;, &#x92D;&#x93E;&#x930;&#x924;&#x940;&#x92F; &#x938;&#x94C;&#x902;&#x926;&#x930;&#x94D;&#x92F; &#x914;&#x930; &#x930;&#x93E;&#x91C;&#x928;&#x940;&#x924;&#x93F;, &#x92A;&#x941;&#x930;&#x93E;&#x923;&#x94B;&#x902;, &#x927;&#x930;&#x94D;&#x92E;, &#x938;&#x93E;&#x939;&#x93F;&#x924;&#x94D;&#x92F;, &#x935;&#x947;&#x926;, &#x935;&#x948;&#x926;&#x93F;&#x915; &#x905;&#x927;&#x94D;&#x92F;&#x92F;&#x928;, &#x92C;&#x94C;&#x926;&#x94D;&#x927; &#x938;&#x93E;&#x939;&#x93F;&#x924;&#x94D;&#x92F;, &#x92D;&#x93E;&#x930;&#x924;&#x940;&#x92F; &#x914;&#x930; &#x92A;&#x936;&#x94D;&#x91A;&#x93F;&#x92E;&#x940; &#x924;&#x93E;&#x930;&#x94D;&#x915;&#x93F;&#x915; &#x938;&#x93F;&#x938;&#x94D;&#x91F;&#x92E;, &#x92D;&#x93E;&#x930;&#x924;&#x940;&#x92F; &#x92A;&#x94D;&#x930;&#x935;&#x91A;&#x928; &#x935;&#x93F;&#x936;&#x94D;&#x932;&#x947;&#x937;&#x923;, &#x92D;&#x93E;&#x930;&#x924;&#x940;&#x92F; &#x926;&#x930;&#x94D;&#x936;&#x928;, &#x92D;&#x93E;&#x930;&#x924;&#x940;&#x92F; &#x938;&#x93E;&#x92E;&#x93E;&#x91C;&#x93F;&#x915;-&#x930;&#x93E;&#x91C;&#x928;&#x940;&#x924;&#x93F;&#x915; &#x91A;&#x93F;&#x902;&#x924;&#x928;, Indological &#x905;&#x927;&#x94D;&#x92F;&#x92F;&#x928;, &#x91C;&#x948;&#x928; &#x938;&#x93E;&#x939;&#x93F;&#x924;&#x94D;&#x92F;, &#x939;&#x93F;&#x902;&#x926;&#x942; &#x91C;&#x94D;&#x92F;&#x94B;&#x924;&#x93F;&#x937; &#x964;</subfield>
  </datafield>
  <datafield tag="650" ind1=" " ind2="0">
    <subfield code="9">2319</subfield>
    <subfield code="a">Language</subfield>
    <subfield code="v">East Indo-European &amp;amp; Celtic languages</subfield>
    <subfield code="x">Hindi </subfield>
  </datafield>
  <datafield tag="651" ind1=" " ind2="0">
    <subfield code="9">2254</subfield>
    <subfield code="a">India</subfield>
  </datafield>
  <datafield tag="655" ind1=" " ind2="0">
    <subfield code="9">2257</subfield>
    <subfield code="a">e-Journal</subfield>
  </datafield>
  <datafield tag="856" ind1=" " ind2=" ">
    <subfield code="u">http://www.hindijournal.com/</subfield>
  </datafield>
  <datafield tag="942" ind1=" " ind2=" ">
    <subfield code="2">ddc</subfield>
    <subfield code="c">EJ</subfield>
    <subfield code="h">491</subfield>
    <subfield code="k">491</subfield>
    <subfield code="m">JOU/H</subfield>
  </datafield>
</record>
